Likvidita bankového sektora Hospodárskej a menovej únie v Európe

Definícia štruktúry európskeho bankovníctva v rámci pojmu Menové finančné inštitúcie (Monetary financial institutions - MFI) podľa Európskeho menového inštitútu. Aspekty regulovania ponuky peňazí v prípade menovej politiky Eurosystému. Vzťah medzi Eurosystémom a úverovými inštitúciami vytvárajúcimi...

Ausführliche Beschreibung

Gespeichert in:
Bibliographische Detailangaben
1. Verfasser: Kotlebová, Jana, 1969-
Weitere Verfasser: Chovancová, Božena
Format: Buchkapitel
Sprache:Slowakisch
Schlagworte:
Tags: Tag hinzufügen
Keine Tags, Fügen Sie das erste Tag hinzu!

MARC

LEADER 00000naa$a2200000$$$4500
001 0022710
005 20240502071414.1
041 0 |a slo 
044 |a SK 
245 1 0 |a Likvidita bankového sektora Hospodárskej a menovej únie v Európe  |c Jana Kotlebová, Božena Chovancová 
520 |a Definícia štruktúry európskeho bankovníctva v rámci pojmu Menové finančné inštitúcie (Monetary financial institutions - MFI) podľa Európskeho menového inštitútu. Aspekty regulovania ponuky peňazí v prípade menovej politiky Eurosystému. Vzťah medzi Eurosystémom a úverovými inštitúciami vytvárajúcimi bankový sektor. Štruktúra bilancie centrálnej banky. Vplyv nefinančných operácií Eurosystému na likviditu bankového sektora. Požadované rezervy a autonómne faktory likvidity bankového sektora HMÚ. Plnenie povinných minimálnych rezerv v HMÚ v rokoch 1999-2004. Hlavné úrokové sadzby HMÚ. Cenová stabilita HMÚ. 
610 2 0 |a likvidita 
610 2 0 |a bankovníctvo 
610 2 0 |a únie menové 
610 2 0 |a Európska únia 
610 2 0 |a politika menová 
610 2 0 |a banky centrálne 
610 2 0 |a bilancia kapitálová 
610 2 0 |a úver bankový 
610 2 0 |a rezervy bankové 
100 1 |a Kotlebová, Jana, 1969- 
700 1 |a Chovancová, Božena